Geographie auf einer Weltkarte #1 - Statistiken

Allgemein
  • Dieses Quiz wurde 14.117 mal gespielt
  • Das Durchschnittsergebnis liegt bei 14 aus 25
Antworten auf der Karte
Die Antworten werden auf der Karte rot bzw. grün angezeigt, abhängig davon wie oft sie richtig erraten wurden.
 
Antwortstatistiken
Art Antwort % Korrekt
Land Norwegen
96%
Land Uruguay
85%
Gebirge Anden
83%
Land Papua-Neuguinea
82%
Region Kalifornien
81%
Stadt Istanbul
80%
Land Namibia
80%
Region Balkan
74%
Region Bayern
73%
Gebirge Ural
71%
Land Turkmenistan
69%
Stadt Panama-Stadt
68%
Stadt Singapur
65%
Stadt Pjöngjang
54%
See Victoriasee
53%
Gebirge Pyrenäen
52%
Region Tibet
38%
See Baikalsee
29%
Stadt Toronto
29%
Region New South Wales
28%
See Aralsee
24%
See Oberer See
19%
Stadt Daressalam
18%
Stadt Karatschi
17%
Gebirge Südliche Alpen
14%
Keine übereinstimmenden Quizze gefunden
Verteilung der Resultate
Anzahl Personen mit jedem Resultat
Perzentil nach korrekt beantworteten Fragen
Ihre Resultats-Entwicklung
Sie haben dieses Quiz noch nicht gespielt